000 00287nam a22001337a 4500
008 181102b xxu||||| |||| 00| 0 eng d
020 _a039395613
041 _aeng
080 _a710
100 _a45
101 _aART
245 _aThe Art Of Reasoning
_cKelley.D
942 _2udc
_cBK
999 _c51653
_d51653